书目信息 |
| 题名: |
射击知识问答
|
|
| 作者: | 朱萍 , 于海娟 编著 | |
| 分册: | ||
| 出版信息: | 北京 人民体育出版社 2001 |
|
| 页数: | 178页 | |
| 开本: | 19cm | |
| 丛书名: | ||
| 单 册: | ||
| 中图分类: | G871-44 | |
| 科图分类: | ||
| 主题词: | 射击运动--基本知识--问答 | |
| 电子资源: | ||
| ISBN: | 7-5009-2153-5 | |
| 000 | 00652nam0 2200217 45 | |
| 001 | 0401262254 | |
| 005 | 20040127002310.9 | |
| 010 | @a7-5009-2153-5@dCNY11.00 | |
| 100 | @a20040126d2001 km y0chiy0120 ea | |
| 101 | 0 | @achi |
| 105 | @aa z 000yy | |
| 200 | 1 | @a射击知识问答@AShe Ji Zhi Shi Wen Da@f朱萍,于海娟编著@FZhu Ping,Yu Hai Juan Bian Zhu |
| 210 | @a北京@c人民体育出版社@d2001 | |
| 215 | @a178页@c图@d19cm | |
| 300 | @a附录一:全国纪录;附录二:世界纪录 | |
| 606 | 0 | @a射击运动@x基本知识@x问答 |
| 690 | @aG871-44@v4 | |
| 701 | 0 | @a朱萍@4编著 |
| 701 | 0 | @a于海娟@4编著 |
| 801 | @aCN@bTSTCL@c20040126 | |
| 905 | @b332503-507@dG871-44@e24@f5 | |
| 射击知识问答/朱萍,于海娟编著.-北京:人民体育出版社,2001 |
| 178页:图;19cm |
| 附录一:全国纪录;附录二:世界纪录 |
| ISBN 7-5009-2153-5:CNY11.00 |
| ● |
| 相关链接 |
|
|
|
|
正题名:射击知识问答
索取号:G871-44/24
 
预约/预借
| 序号 | 登录号 | 条形码 | 馆藏地/架位号 | 状态 | 备注 |
| 1 | 0332503 | 203325035 | 第四借阅区/ [索取号:G871-44/24] | 在馆 | |
| 2 | 0332504 | 203325044 | 第四借阅区/ [索取号:G871-44/24] | 在馆 | |
| 3 | 0332505 | 203325053 | 第四借阅区/ [索取号:G871-44/24] | 在馆 | |
| 4 | 0332506 | 203325062 | 第四借阅区/ [索取号:G871-44/24] | 在馆 | |
| 5 | 0332507 | 203325071 | 第一样本阅览室/ [索取号:G871-44/24] | 在馆 |